000 00430nam a2200181Ia 4500
008 221030s9999 xx 000 0 und d
020 _a0070582343
041 _aEnglish
082 _a105.23
_bHaw
100 _aD. I. Hawking
245 0 _aConsumer Behaviour
_cby D. I. Hawking, R. J. Best
250 _a9th
260 _bTMH
_aNew Delhi
_c2004
300 _a390
650 _aManagement
700 _aR. J. Best
942 _cBK
999 _c2167
_d2167